Elektrostatický tieniaci účinok polovodivých obalov

Bibliographic Details
Main Author: Kozumplík, Július, 1920-1978 (Author)
Format: Article
Language:Slovak

MARC

LEADER 00000nab a2200000uu 4500
001 vtls011499686
003 SK-MaSNL
005 20260303133548.0
008 230218|1975 xo |||||||||||||||||slo|
015 |a SNBRB 
035 |a (urnnbn)urn:nbn:sk:snk:ar-a0acfp 
035 |a (uuid)c11d6b65-1d47-449d-998d-171235b815f1 
035 |a urn:nbn:sk:snk-abdufs 
040 |a SNKBUCL  |b slo  |c SNKBUCL  |e AACR2 
041 0 |a slo 
044 |a xo  |c SK 
100 1 |a Kozumplík, Július,  |d 1920-1978  |4 aut  |9 160438 
245 1 0 |a Elektrostatický tieniaci účinok polovodivých obalov  |c Július Kozumplík 
773 0 |t Elektroizolačná a káblová technika - Ekt : časopis Výskumného ústavu káblov a izolantov v Bratislave  |g Roč. 28, č. 4 (1975), s. [241]-247 
954 |a odborná, vedecká literatúra pôvodná (slovenská)  |2 lita 
958 |a OND 
958 |a EUIPO 
958 |a article20 
999 |c 1957721  |d 1959651